00684 2200253 4500001002100000005001500021020002200036035002400058040001200082082001800094084002200112090002200134100002200156245006300178250001100241260003500252300004200287504003100329650001000360850001200370990001600382990001600398990001600414YOGYA00000000009951720140823124101 a978-979-1706-20-9 0010-101300000000398 aYOPDYOG 2[22]a746.662 aNUS 746.662 Ani B aNUS 746.662 Ani B aANINDITO PRASETYO aBatik karya agung warisan budaya duniacAnindito Prasetyo. aCet.1. aYogyakartabPura Pustakac2010 aviii, 115 hlm.bilus.c24 cm (3 eks.) aBibliografi : hlm. 103-115 aBatik aYOPDYOG a0571/B.2013 a0572/B.2013 a0573/B.2013